A kétoldalú és többoldalú kapcsolatok együtt hatásosak. Közép-Kelet-Európa stabilitásáról beszél dr. Valki László nemzetközi jogásszal Martos Gábor
Elmentve itt :
| Szerző: | |
|---|---|
| Adatforrás: | Meister |
| Forrásdokumentuma: | A Hét. - 36 sz., 1993, 3 p. |
| Nyelv: | magyar |
| Kulcsszavak: | politikai interjú nemzetközi jog katonai intézmények Trianon kisebbségi kérdés kisebbségi jogok revizionizmus (magyar) magyar revizionizmus Kelet-Európa Magyarország CSURKA István NATO Észak-Atlanti Védelmi Szövetség Európa Tanács |
| LEADER | 00876nab a2200265 i 4500 | ||
|---|---|---|---|
| 001 | bibPRO00006738 | ||
| 008 | 060524s1993 xx hun | ||
| 040 | |a Sz1 | ||
| 041 | |a hun | ||
| 100 | 1 | |a MARTOS Gábor | |
| 245 | 1 | 2 | |a A kétoldalú és többoldalú kapcsolatok együtt hatásosak. Közép-Kelet-Európa stabilitásáról beszél dr. Valki László nemzetközi jogásszal Martos Gábor |c MARTOS Gábor |
| 695 | |a politikai interjú | ||
| 695 | |a nemzetközi jog | ||
| 695 | |a katonai intézmények | ||
| 695 | |a Trianon | ||
| 695 | |a kisebbségi kérdés | ||
| 695 | |a kisebbségi jogok | ||
| 695 | |a revizionizmus (magyar) | ||
| 695 | |a magyar revizionizmus | ||
| 695 | |a Kelet-Európa | ||
| 695 | |a Magyarország | ||
| 695 | |a CSURKA István | ||
| 695 | |a NATO Észak-Atlanti Védelmi Szövetség | ||
| 695 | |a Európa Tanács | ||
| 773 | 0 | |t A Hét. - |g 36 sz., 1993, 3 p. | |